000 00537nam a2200205 a 4500
999 _c7083
_d7083
001 7083
003 BD-JhCC
005 20180204182935.0
008 180204s1970 uk |||| |||| 000 0 eng d
035 _a(BD-JhCC)
040 _aBD-JhCC
_dBD-JhCC
041 _aeng
082 _a797.14
_bOAK 1970
100 _aOakeley, John D. A.
245 _aWinning The Boat The Grew & The Race /
_cJohn D. A. Oakeley
260 _aLondon:
_bNautical Publishing Company;
_c1970
300 _a209p;,
_c24 cn
650 _aBoat Racing
942 _2ddc
_cBK